<?xml version="1.0" encoding="UTF-8"?>
<record
    xmlns:xsi="http://www.w3.org/2001/XMLSchema-instance"
    xsi:schemaLocation="http://www.loc.gov/MARC21/slim http://www.loc.gov/standards/marcxml/schema/MARC21slim.xsd"
    xmlns="http://www.loc.gov/MARC21/slim">

  <leader>04395nam a2200541 a 4500</leader>
  <controlfield tag="001">22787</controlfield>
  <controlfield tag="003">BD-RjUL</controlfield>
  <controlfield tag="005">20211209000843.0</controlfield>
  <controlfield tag="008">180926m19271881enk           000 0 eng d</controlfield>
  <datafield tag="035" ind1=" " ind2=" ">
    <subfield code="a">(BD-RjUL)22852</subfield>
  </datafield>
  <datafield tag="040" ind1=" " ind2=" ">
    <subfield code="a">BD-RjUL</subfield>
    <subfield code="b">eng</subfield>
    <subfield code="c">BD-RjUL</subfield>
    <subfield code="d">BD-RjUL</subfield>
  </datafield>
  <datafield tag="041" ind1=" " ind2=" ">
    <subfield code="a">eng</subfield>
  </datafield>
  <datafield tag="082" ind1="0" ind2="4">
    <subfield code="a">290</subfield>
    <subfield code="2">23</subfield>
    <subfield code="b">SAC V-1(Pt.1) 1881-1927</subfield>
  </datafield>
  <datafield tag="245" ind1="0" ind2="4">
    <subfield code="a">The sacred books of the East  /</subfield>
    <subfield code="c">translated by various oriental scholars and edited by F. Max Muller.</subfield>
  </datafield>
  <datafield tag="260" ind1=" " ind2=" ">
    <subfield code="a">London :</subfield>
    <subfield code="b">Oxford University Press ;</subfield>
    <subfield code="a">Oxford :</subfield>
    <subfield code="b">Clarendon Press,</subfield>
    <subfield code="c">1881-1909 [Impression 1925-1927].</subfield>
  </datafield>
  <datafield tag="300" ind1=" " ind2=" ">
    <subfield code="a"> v. ;</subfield>
    <subfield code="c">23 cm.</subfield>
  </datafield>
  <datafield tag="505" ind1="1" ind2=" ">
    <subfield code="a">v. 1. The Upanishads  / translated by F. Max Muller . Pt. 1: The Khandogya-Upanishad, The Talavakara- Upanishad , The Aitareya-Aranyaka, The Kaushitaki-Brahmana- Upanishad and The Vagasaneyi-Samhita- Upanishad - v. 5. Pahlavi texts / Translated by E. W. West.  Pt. 1. The Bundahis, Bahman Yast, and Sh&#x101;yast l&#x101;-sh&#x101;yast --  v. 11. Buddhist Suttas : Translated from Pali / by T. W. Rhys Davids. 1. The Mah&#xE2;-parinibb&#xE2;na Suttanta, 2. The Dhamma-kakka-ppavattana Sutta 3. The Tevigga Suttanta 4. The &#xC2;ka&#x1E45;kheyya Sutta 5. The Ketokhila Sutta 6. The Mah&#xE2;-sudassana Suttanta 7. The Sabb&#xE2;sava Sutta.-- v. 21. The Saddharma-pundarika, or, The lotus of the true law / Translated by H. Kern  -- v. 25. The laws of Manu : Translated with extracts from seven commentaries /by G. B&#xFC;hler -- v. 28. The Sacred books of China : The texts of Confucianism / translated by James Legge.  Pt. 4, The Li ki, XI-XLVI --  v. 30. The Grihya-sutras : rules of Vedic domestic ceremonies/ translated by Hermann Oldenberg.  Pt. 2. Gobhila ; Hiranyakesin ; &#xC2;pastamba ; &#xC2;pastamba's Yag&#xF1;a Paribh&#xE2;sh&#xE2;-S&#xFB;tras / translated by F. Max Muller -- v. 34. The Vedanta-Sutras: With the commentary / by Sa&#x144;kara ; translated by George Thibaut, Pt. 1 --  v. 35. The question of King Milinda : ranslated from P&#xE2;li / by T.W. Rhys Davids -- . 39. The sacred books of China : the texts of T&#x101;oism / translated by James Legge. Part I, The T&#x101;o Teh King : the writings of Kwang-3ze. Books I-XVII -- v. 40. The sacred books of China : the texts of T&#x101;oism / translated by James Legge., Pt. 2 : The writings of Kwang-Tsze : books XVIII-XXXIII. The Thai-Shang tractate of actions and their retributions. Appendixes I-VIII -- v. 41. The S&#xE1;tapatha-Br&#x101;hmana : according to the text of the M&#x101;dhyandina School / Translated by Julius Eggeling .  Pt. 3. Books V, VI and VII -- v. 43. The Satapatha-Brahmana : according to the text of the M&#xE2;dhyandina school / Translated by Julius Eggeling. Pt. 4, Books VIII, IX and X -- v. 49. Buddhist Mah&#xE2;y&#xE2;na texts. Pt. 1, The Buddha-Karita of Asvaghosha ; translated from the Sanskrit / by E.B. Cowell. Pt. 2. The larger Sukh&#xE2;vat&#xEE;vy&#xFB;ha, the smaller Sukh&#xE2;vat&#xEE;-vy&#xFB;ha, the Vagrakkedik&#xE2;, the larger Prag&#xF1;&#x101;-p&#xE2;ramit&#xE2;-hridaya-s&#xFB;tra, the smaller Prag&#xF1;&#xE2;-p&#xE2;ramit&#xE2;-hridaya-s&#xFB;tra. / translated by F. Max M&#xFC;ller. The Amit&#xE2;yur dhy&#xE2;na-s&#xFB;tra / translated by J. Takakusu.</subfield>
  </datafield>
  <datafield tag="650" ind1=" " ind2="0">
    <subfield code="a">Confucianism</subfield>
    <subfield code="x">Sacred books.</subfield>
    <subfield code="9">222890</subfield>
  </datafield>
  <datafield tag="650" ind1=" " ind2="0">
    <subfield code="a">Hinduism</subfield>
    <subfield code="x">Sacred books.</subfield>
    <subfield code="9">222891</subfield>
  </datafield>
  <datafield tag="650" ind1=" " ind2="0">
    <subfield code="a">Brahmanism</subfield>
    <subfield code="x">Sacred books.</subfield>
    <subfield code="9">222892</subfield>
  </datafield>
  <datafield tag="650" ind1=" " ind2="0">
    <subfield code="a">Taoism</subfield>
    <subfield code="x">Sacred books.</subfield>
    <subfield code="9">222894</subfield>
  </datafield>
  <datafield tag="650" ind1=" " ind2="0">
    <subfield code="a">Buddhism</subfield>
    <subfield code="x">Sacred books.</subfield>
    <subfield code="9">222895</subfield>
  </datafield>
  <datafield tag="650" ind1=" " ind2="0">
    <subfield code="a">Zoroastrianism </subfield>
    <subfield code="x">Sacred books.  </subfield>
    <subfield code="9">222927</subfield>
  </datafield>
  <datafield tag="650" ind1=" " ind2="0">
    <subfield code="a">Pahlavi literature </subfield>
    <subfield code="x">Translations into English.  </subfield>
    <subfield code="9">222928</subfield>
  </datafield>
  <datafield tag="650" ind1=" " ind2="0">
    <subfield code="a">Sutras.  </subfield>
    <subfield code="9">222929</subfield>
  </datafield>
  <datafield tag="650" ind1=" " ind2="0">
    <subfield code="a">Hindu law. </subfield>
    <subfield code="9">222930</subfield>
  </datafield>
  <datafield tag="650" ind1=" " ind2="0">
    <subfield code="a">Hinduism  </subfield>
    <subfield code="x">Rituals. </subfield>
    <subfield code="9">222931</subfield>
  </datafield>
  <datafield tag="650" ind1=" " ind2="0">
    <subfield code="a">Rites and ceremonies </subfield>
    <subfield code="z">India. </subfield>
    <subfield code="9">222932</subfield>
  </datafield>
  <datafield tag="650" ind1=" " ind2="0">
    <subfield code="a">&#x15A;a&#x1E45;kar&#x101;c&#x101;rya. </subfield>
    <subfield code="9">222933</subfield>
  </datafield>
  <datafield tag="650" ind1=" " ind2="0">
    <subfield code="a">Vedanta.   </subfield>
    <subfield code="9">222934</subfield>
  </datafield>
  <datafield tag="650" ind1=" " ind2="0">
    <subfield code="a">Mahayana Buddhism </subfield>
    <subfield code="x">Sacred books.</subfield>
    <subfield code="9">222935</subfield>
  </datafield>
  <datafield tag="700" ind1="1" ind2=" ">
    <subfield code="a">Muller, F. Max</subfield>
    <subfield code="q">(Friedrich Max),</subfield>
    <subfield code="d">1823-1900,  ed.</subfield>
    <subfield code="9">33449</subfield>
  </datafield>
  <datafield tag="700" ind1="1" ind2=" ">
    <subfield code="a">Muller, F. Max , tr.</subfield>
    <subfield code="9">222915</subfield>
  </datafield>
  <datafield tag="700" ind1="1" ind2=" ">
    <subfield code="a">West, E. W. , tr. </subfield>
    <subfield code="9">222939</subfield>
  </datafield>
  <datafield tag="700" ind1="1" ind2=" ">
    <subfield code="a">Davids, T. W. Rhys , tr.  </subfield>
    <subfield code="9">222940</subfield>
  </datafield>
  <datafield tag="700" ind1="1" ind2=" ">
    <subfield code="a">Kern, H. , tr. </subfield>
    <subfield code="9">222941</subfield>
  </datafield>
  <datafield tag="700" ind1="1" ind2=" ">
    <subfield code="a">B&#xFC;hler ,  G. , tr.   </subfield>
    <subfield code="9">222942</subfield>
  </datafield>
  <datafield tag="700" ind1="1" ind2=" ">
    <subfield code="a">Legge, James , tr. </subfield>
    <subfield code="9">222943</subfield>
  </datafield>
  <datafield tag="700" ind1="1" ind2=" ">
    <subfield code="a">Oldenberg, Hermann, tr. </subfield>
    <subfield code="9">222944</subfield>
  </datafield>
  <datafield tag="700" ind1="1" ind2=" ">
    <subfield code="a">Sa&#x144;kara,  commentator </subfield>
    <subfield code="9">222945</subfield>
  </datafield>
  <datafield tag="700" ind1="1" ind2=" ">
    <subfield code="a">Thibaut, George , tr. </subfield>
    <subfield code="9">222946</subfield>
  </datafield>
  <datafield tag="700" ind1="1" ind2=" ">
    <subfield code="a">Davids, T. W. Rhys, tr.</subfield>
    <subfield code="9">222947</subfield>
  </datafield>
  <datafield tag="700" ind1="1" ind2=" ">
    <subfield code="a">Legge, James, tr. </subfield>
    <subfield code="9">222948</subfield>
  </datafield>
  <datafield tag="700" ind1="1" ind2=" ">
    <subfield code="a">Eggeling,  Julius, tr. </subfield>
    <subfield code="9">62733</subfield>
  </datafield>
  <datafield tag="700" ind1="1" ind2=" ">
    <subfield code="a">Cowell, E.B. , tr. </subfield>
    <subfield code="9">222949</subfield>
  </datafield>
  <datafield tag="700" ind1="1" ind2=" ">
    <subfield code="a">Takakusu, J. , tr.</subfield>
    <subfield code="9">93436</subfield>
  </datafield>
  <datafield tag="942" ind1=" " ind2=" ">
    <subfield code="2">ddc</subfield>
    <subfield code="c">RAR</subfield>
  </datafield>
  <datafield tag="999" ind1=" " ind2=" ">
    <subfield code="c">22787</subfield>
    <subfield code="d">22787</subfield>
  </datafield>
  <datafield tag="952" ind1=" " ind2=" ">
    <subfield code="0">0</subfield>
    <subfield code="1">0</subfield>
    <subfield code="2">ddc</subfield>
    <subfield code="4">0</subfield>
    <subfield code="7">1</subfield>
    <subfield code="8">RARE</subfield>
    <subfield code="a">RUCL</subfield>
    <subfield code="b">RUCL</subfield>
    <subfield code="c">Rare</subfield>
    <subfield code="d">1970-09-21</subfield>
    <subfield code="e">Zeitlinger</subfield>
    <subfield code="g">58.00</subfield>
    <subfield code="l">0</subfield>
    <subfield code="o">RA 290 SAC V-1(Pt.1) 1926</subfield>
    <subfield code="r">2018-09-26 00:00:00</subfield>
    <subfield code="t">C-1</subfield>
    <subfield code="w">2021-12-09</subfield>
    <subfield code="y">RAR</subfield>
  </datafield>
  <datafield tag="952" ind1=" " ind2=" ">
    <subfield code="0">0</subfield>
    <subfield code="1">0</subfield>
    <subfield code="2">ddc</subfield>
    <subfield code="4">0</subfield>
    <subfield code="7">1</subfield>
    <subfield code="8">RARE</subfield>
    <subfield code="a">RUCL</subfield>
    <subfield code="b">RUCL</subfield>
    <subfield code="c">Rare</subfield>
    <subfield code="d">1955-05-15</subfield>
    <subfield code="e">Allies books cen</subfield>
    <subfield code="g">16.14</subfield>
    <subfield code="l">0</subfield>
    <subfield code="o">RA 290 SAC V-5(Pt.1) 1901</subfield>
    <subfield code="r">2018-09-26 00:00:00</subfield>
    <subfield code="t">C-1</subfield>
    <subfield code="w">2021-12-09</subfield>
    <subfield code="y">RAR</subfield>
  </datafield>
  <datafield tag="952" ind1=" " ind2=" ">
    <subfield code="0">0</subfield>
    <subfield code="1">0</subfield>
    <subfield code="2">ddc</subfield>
    <subfield code="4">0</subfield>
    <subfield code="7">1</subfield>
    <subfield code="8">RARE</subfield>
    <subfield code="a">RUCL</subfield>
    <subfield code="b">RUCL</subfield>
    <subfield code="c">Rare</subfield>
    <subfield code="d">1964-09-18</subfield>
    <subfield code="e">Zeitlinger</subfield>
    <subfield code="g">110.00</subfield>
    <subfield code="l">0</subfield>
    <subfield code="o">RA 290 SAC V-11 1881</subfield>
    <subfield code="r">2018-09-26 00:00:00</subfield>
    <subfield code="t">C-1</subfield>
    <subfield code="w">2021-12-09</subfield>
    <subfield code="y">RAR</subfield>
  </datafield>
  <datafield tag="952" ind1=" " ind2=" ">
    <subfield code="0">0</subfield>
    <subfield code="1">0</subfield>
    <subfield code="2">ddc</subfield>
    <subfield code="4">0</subfield>
    <subfield code="7">1</subfield>
    <subfield code="8">RARE</subfield>
    <subfield code="a">RUCL</subfield>
    <subfield code="b">RUCL</subfield>
    <subfield code="c">Rare</subfield>
    <subfield code="d">1955-06-15</subfield>
    <subfield code="e">Allies books cen</subfield>
    <subfield code="g">16.14</subfield>
    <subfield code="l">0</subfield>
    <subfield code="o">RA 290 SAC V-21 1909</subfield>
    <subfield code="r">2018-09-26 00:00:00</subfield>
    <subfield code="t">C-1</subfield>
    <subfield code="w">2021-12-09</subfield>
    <subfield code="y">RAR</subfield>
  </datafield>
  <datafield tag="952" ind1=" " ind2=" ">
    <subfield code="0">0</subfield>
    <subfield code="1">0</subfield>
    <subfield code="2">ddc</subfield>
    <subfield code="4">0</subfield>
    <subfield code="7">1</subfield>
    <subfield code="8">RARE</subfield>
    <subfield code="a">RUCL</subfield>
    <subfield code="b">RUCL</subfield>
    <subfield code="c">Rare</subfield>
    <subfield code="d">2018-09-26</subfield>
    <subfield code="l">0</subfield>
    <subfield code="o">RA 290 SAC V-25 1886</subfield>
    <subfield code="r">2018-09-26 00:00:00</subfield>
    <subfield code="t">C-1</subfield>
    <subfield code="w">2021-12-09</subfield>
    <subfield code="y">RAR</subfield>
  </datafield>
  <datafield tag="952" ind1=" " ind2=" ">
    <subfield code="0">0</subfield>
    <subfield code="1">0</subfield>
    <subfield code="2">ddc</subfield>
    <subfield code="4">0</subfield>
    <subfield code="7">1</subfield>
    <subfield code="8">RARE</subfield>
    <subfield code="a">RUCL</subfield>
    <subfield code="b">RUCL</subfield>
    <subfield code="c">Rare</subfield>
    <subfield code="d">1955-06-18</subfield>
    <subfield code="e">Allies books cen</subfield>
    <subfield code="g">16.14</subfield>
    <subfield code="l">0</subfield>
    <subfield code="o">RA 290 SAC V-28(Pt.4) 1926</subfield>
    <subfield code="r">2018-09-26 00:00:00</subfield>
    <subfield code="t">C-1</subfield>
    <subfield code="w">2021-12-09</subfield>
    <subfield code="y">RAR</subfield>
  </datafield>
  <datafield tag="952" ind1=" " ind2=" ">
    <subfield code="0">0</subfield>
    <subfield code="1">0</subfield>
    <subfield code="2">ddc</subfield>
    <subfield code="4">0</subfield>
    <subfield code="7">1</subfield>
    <subfield code="8">RARE</subfield>
    <subfield code="a">RUCL</subfield>
    <subfield code="b">RUCL</subfield>
    <subfield code="c">Rare</subfield>
    <subfield code="d">1966-06-15</subfield>
    <subfield code="e">Allies books cen</subfield>
    <subfield code="g">16.14</subfield>
    <subfield code="l">0</subfield>
    <subfield code="o">RA 290 SAC V-30(Pt.2) 1892</subfield>
    <subfield code="r">2018-09-26 00:00:00</subfield>
    <subfield code="t">C-1</subfield>
    <subfield code="w">2021-12-09</subfield>
    <subfield code="y">RAR</subfield>
  </datafield>
  <datafield tag="952" ind1=" " ind2=" ">
    <subfield code="0">0</subfield>
    <subfield code="1">0</subfield>
    <subfield code="2">ddc</subfield>
    <subfield code="4">0</subfield>
    <subfield code="7">1</subfield>
    <subfield code="8">RARE</subfield>
    <subfield code="a">RUCL</subfield>
    <subfield code="b">RUCL</subfield>
    <subfield code="c">Rare</subfield>
    <subfield code="d">1955-07-09</subfield>
    <subfield code="e">Allies books cen</subfield>
    <subfield code="g">16.14</subfield>
    <subfield code="l">0</subfield>
    <subfield code="o">RA 290 SAC V-34(Pt.1) 1890</subfield>
    <subfield code="r">2018-09-26 00:00:00</subfield>
    <subfield code="t">C-1</subfield>
    <subfield code="w">2021-12-09</subfield>
    <subfield code="y">RAR</subfield>
  </datafield>
  <datafield tag="952" ind1=" " ind2=" ">
    <subfield code="0">0</subfield>
    <subfield code="1">0</subfield>
    <subfield code="2">ddc</subfield>
    <subfield code="4">0</subfield>
    <subfield code="7">1</subfield>
    <subfield code="8">RARE</subfield>
    <subfield code="a">RUCL</subfield>
    <subfield code="b">RUCL</subfield>
    <subfield code="c">Rare</subfield>
    <subfield code="d">2018-09-26</subfield>
    <subfield code="l">0</subfield>
    <subfield code="o">RA 290 SAC V-35 1925</subfield>
    <subfield code="r">2018-09-26 00:00:00</subfield>
    <subfield code="t">C-1</subfield>
    <subfield code="w">2021-12-09</subfield>
    <subfield code="y">RAR</subfield>
  </datafield>
  <datafield tag="952" ind1=" " ind2=" ">
    <subfield code="0">0</subfield>
    <subfield code="1">0</subfield>
    <subfield code="2">ddc</subfield>
    <subfield code="4">0</subfield>
    <subfield code="7">1</subfield>
    <subfield code="8">RARE</subfield>
    <subfield code="a">RUCL</subfield>
    <subfield code="b">RUCL</subfield>
    <subfield code="c">Rare</subfield>
    <subfield code="d">2018-09-26</subfield>
    <subfield code="l">0</subfield>
    <subfield code="o">RA 290 SAC V-39-40(Pt.1-2) 1927</subfield>
    <subfield code="r">2018-09-26 00:00:00</subfield>
    <subfield code="t">C-1</subfield>
    <subfield code="w">2021-12-09</subfield>
    <subfield code="y">RAR</subfield>
  </datafield>
  <datafield tag="952" ind1=" " ind2=" ">
    <subfield code="0">0</subfield>
    <subfield code="1">0</subfield>
    <subfield code="2">ddc</subfield>
    <subfield code="4">0</subfield>
    <subfield code="7">1</subfield>
    <subfield code="8">RARE</subfield>
    <subfield code="a">RUCL</subfield>
    <subfield code="b">RUCL</subfield>
    <subfield code="c">Rare</subfield>
    <subfield code="d">2018-09-26</subfield>
    <subfield code="l">0</subfield>
    <subfield code="o">RA 290 SAC V-41(Pt.3) 1894</subfield>
    <subfield code="r">2018-09-26 00:00:00</subfield>
    <subfield code="t">C-1</subfield>
    <subfield code="w">2021-12-09</subfield>
    <subfield code="y">RAR</subfield>
  </datafield>
  <datafield tag="952" ind1=" " ind2=" ">
    <subfield code="0">0</subfield>
    <subfield code="1">0</subfield>
    <subfield code="2">ddc</subfield>
    <subfield code="4">0</subfield>
    <subfield code="7">1</subfield>
    <subfield code="8">RARE</subfield>
    <subfield code="a">RUCL</subfield>
    <subfield code="b">RUCL</subfield>
    <subfield code="c">Rare</subfield>
    <subfield code="d">2018-09-26</subfield>
    <subfield code="l">0</subfield>
    <subfield code="o">RA 290 SAC V-43(Pt.4) 1897</subfield>
    <subfield code="r">2018-09-26 00:00:00</subfield>
    <subfield code="t">C-1</subfield>
    <subfield code="w">2021-12-09</subfield>
    <subfield code="y">RAR</subfield>
  </datafield>
  <datafield tag="952" ind1=" " ind2=" ">
    <subfield code="0">0</subfield>
    <subfield code="1">0</subfield>
    <subfield code="2">ddc</subfield>
    <subfield code="4">0</subfield>
    <subfield code="7">1</subfield>
    <subfield code="8">RARE</subfield>
    <subfield code="a">RUCL</subfield>
    <subfield code="b">RUCL</subfield>
    <subfield code="c">Rare</subfield>
    <subfield code="d">1955-06-15</subfield>
    <subfield code="e">Allies books cen</subfield>
    <subfield code="g">16.14</subfield>
    <subfield code="l">0</subfield>
    <subfield code="o">RA 290 SAC V-49(Pt.1-2) 1927</subfield>
    <subfield code="r">2018-09-26 00:00:00</subfield>
    <subfield code="t">C-1</subfield>
    <subfield code="w">2021-12-09</subfield>
    <subfield code="y">RAR</subfield>
  </datafield>
</record>
